000
00262nam a22001217a 4500
008
260407b ||||| |||| 00| 0 eng d
041
_a
Shqip
080
_a
1.1
100
_a
30
101
_a
his
245
_a
Monumente Ushtarake
_c
Naser Ferri
942
_2
lcc
_c
BK
999
_c
60963
_d
60963